HBR's 10 must reads on Strategy

This collection of best-selling articles includes: featured article "What Is Strategy?" by Michael E. Porter, "The Five Competitive Forces That Shape Strategy," "Building Your Company's Vision," "Reinventing Your Business Model," "Blue Ocean Strategy...

ver descrição completa

Na minha lista:
Detalhes bibliográficos
Formato: Livro
Idioma:Undetermined
Publicado em: Boston Harvard Business Review Press 2011
Assuntos:
Tags: Adicionar Tag
Sem tags, seja o primeiro a adicionar uma tag!
Thư viện lưu trữ: Trung tâm Học liệu Trường Đại học Cần Thơ
LEADER 01074nam a2200181Ia 4500
001 CTU_217441
008 210402s9999 xx 000 0 und d
020 |c 14.58 
082 |a 658.4012 
082 |b H339 
245 0 |a HBR's 10 must reads on Strategy 
260 |a Boston 
260 |b Harvard Business Review Press 
260 |c 2011 
520 |a This collection of best-selling articles includes: featured article "What Is Strategy?" by Michael E. Porter, "The Five Competitive Forces That Shape Strategy," "Building Your Company's Vision," "Reinventing Your Business Model," "Blue Ocean Strategy," "The Secrets to Successful Strategy Execution," "Using the Balanced Scorecard as a Strategic Management System," "Transforming Corner-Office Strategy into Frontline Action," "Turning Great Strategy into Great Performance," and "Who Has the D? How Clear Decision Roles Enhance Organizational Performance" 
650 |a Strategic planning,Lập kế hoạch chiến lược 
904 |i Nhi, Tuyến 
980 |a Trung tâm Học liệu Trường Đại học Cần Thơ